000 00619nam a2200205 4500
001 117064
003 ES-MaACL
005 20230906190825.0
007 t|
008 071121s1956 sp r ||||1| spa d
100 1 _aPeña, Alfonso de la.
_990203
245 1 3 _aLa próstata y sus enfermedades /
_cpor Alfonso de la Peña, R. Martínez.
260 _aValencia :
_bPastor,
_c1956.
300 _a108 p. :
_bil. ;
_c17 cm.
490 1 _aEnciclopedia de la salud
700 1 _aMartínez, R.
_977799
830 0 _aEnciclopedia de la salud
_9233337
852 _aES-MaACL
_jC-11668
_bR.39506
999 _c117064
_d117064